[Event "III Dolnoslaska Liga Szachowa 2017/2018"]
[Site "Dolny Slask"]
[Date "1899-12-30"]
[Round "10.13"]
[White "Wilgosz, Jan"]
[Black "Szydelko, Marcin"]
[Result "0-1"]
[WhiteTitle "II"]
[BlackTitle "I++"]
[WhiteElo "1144"]
[BlackElo "1943"]

1. e4 e5 2. Nf3 Nc6 3. Bb5 a6 4. Ba4 Nf6 5. d4 exd4 6. O-O Be7 7. Re1 O-O 8. e5
Nd5 9. c3 d6 10. Bxc6 bxc6 11. cxd4 Bg4 12. Qd3 Qd7 13. a3 a5 14. Nc3 Rab8 15.
h3 Bf5 16. Ne4 a4 17. Qc4 Nb6 18. Qc3 Nd5 19. Qc4 Nb6 20. Qc3 Bxe4 21. Rxe4 d5
22. Rg4 Kh8 23. Qc2 f5 24. Ng5 Bxg5 25. Rxg5 Qe6 26. Rh5 g6 27. Rh4 Nc4 28. Rb1
Rb3 29. Bg5 Rfb8 30. Bf6+ Kg8 31. Qc1 Rf8 32. Qh6 Kf7 33. Qg7+ Ke8 34. Qxc7 Qd7
35. Qxd7+ Kxd7 36. Rxh7+ Kc8 37. Rh8 Rxh8 38. Bxh8 Rxb2 39. Rxb2 Nxb2 40. Bg7
c5 41. dxc5 Nc4 42. e6 Nxa3 43. g4 fxg4 44. hxg4 Nb5 45. Ba1 Nc7 46. e7 Kd7 47.
Bf6 a3 48. Kf1 Ne8 49. Bd4 Kxe7 50. Ke2 Nc7 51. Ke3 Ne6 52. Ba1 Nxc5 53. Kf4 Nb3
54. Bc3 Ke6 55. Kg5 d4 56. Bxd4 Nxd4 57. Kxg6 Nf3 58. g5 a2 59. Kh6 a1=Q 60. g6
Qh8# 0-1

[Event "III Dolnoslaska Liga Szachowa 2017/2018"]
[Site "Dolny Slask"]
[Date "1899-12-30"]
[Round "10.15"]
[White "Grela, Kacper"]
[Black "Borkowski, Franciszek"]
[Result "1-0"]
[WhiteTitle "FM"]
[BlackTitle "IM"]
[WhiteElo "2274"]
[BlackElo "2286"]

1. d4 Nf6 2. c4 g6 3. Nc3 Bg7 4. e4 d6 5. Nf3 O-O 6. Be2 e5 7. O-O Nc6 8. d5 Ne7
9. a4 a5 10. Ne1 Nd7 11. Nd3 f5 12. f3 f4 13. Nb5 g5 14. b4 axb4 15. Bd2 Nf6 16.
Bxb4 g4 17. c5 gxf3 18. Bxf3 Nexd5 19. exd5 e4 20. cxd6 exf3 21. Nxc7 Bg4 22.
gxf3 Bh3 23. Nxf4 Bxf1 24. Qxf1 Nd7 25. Nfe6 Qf6 26. Ra2 Rac8 27. Rg2 Rf7 28.
Ba3 Kh8 29. Kh1 Qa1 30. Qxa1 Bxa1 31. f4 Rg8 32. Bb2+ Bxb2 33. Rxb2 b6 34. Nb5
Rf5 35. Nbc7 h6 36. Re2 Nf6 37. h3 Nd7 38. Kh2 Rf7 39. Rc2 Rf5 40. Re2 Rf7 41.
Rc2 Rf5 42. Rg2 Rf7 43. Rxg8+ Kxg8 44. Kg3 Nf6 45. Kf3 Rd7 46. Ke3 Rxd6 47. Kd4
Kf7 48. Ke5 Rd7 49. d6 Ng8 50. Nd5 Ra7 51. Nec7 Rb7 52. d7 Rb8 53. Ne6 Ne7 54.
Nxe7 Kxe7 55. Qd8+ Rxd8 56. Nxd8 Kxd8 1-0

[Event "III Dolnoslaska Liga Szachowa 2017/2018"]
[Site "Dolny Slask"]
[Date "1899-12-30"]
[Round "10.16"]
[White "Walentukiewicz, Michal"]
[Black "Komendecki, Jacek"]
[Result "1-0"]
[WhiteTitle "CM"]
[BlackTitle "I++"]
[WhiteElo "2011"]
[BlackElo "2111"]

1. g3 e5 2. Bg2 Nf6 3. d3 Nc6 4. c4 d5 5. cxd5 Nxd5 6. Nc3 Nb6 7. Nf3 Be7 8. O-O
O-O 9. a4 Be6 10. a5 Nd5 11. a6 bxa6 12. Rxa6 Ndb4 13. Ra1 Rb8 14. Be3 a5 15.
Qa4 f5 16. Rfc1 f4 17. Bd2 Rb6 18. Ne4 Nxd3 19. exd3 Bb3 20. Qxc6 Rxc6 21. Rxc6
fxg3 22. hxg3 Qxd3 23. Nxe5 Qe2 24. Re1 Qb5 25. Bc3 Bb4 26. Rxc7 Bxc3 27. Rxc3
a4 28. Nc5 Rc8 29. Rec1 Rd8 30. Nxb3 axb3 31. Rc8 Qe8 32. Rxd8 Qxd8 33. Bh3 1-0

[Event "III Dolnoslaska Liga Szachowa 2017/2018"]
[Site "Dolny Slask"]
[Date "1899-12-30"]
[Round "10.17"]
[White "Krawiec, Grzegorz"]
[Black "Zombirt, Filip"]
[Result "1/2-1/2"]
[WhiteTitle "I"]
[BlackTitle "I+"]
[WhiteElo "1714"]
[BlackElo "1929"]

1. e4 c5 2. Nf3 d6 3. d4 cxd4 4. Nxd4 Nf6 5. Nc3 a6 6. g3 g6 7. Bg2 Bg7 8. O-O
O-O 9. Bg5 h6 10. Bc1 Qc7 11. Re1 Nc6 12. Nde2 b5 13. a3 Bb7 14. Nf4 e6 15. Be3
Ne5 16. Qc1 Nc4 17. Nd3 Nxe3 18. Qxe3 Ng4 19. Qf4 h5 20. h3 Ne5 21. Rac1 Nc4 22.
Nd1 Rac8 23. c3 f5 24. Qg5 Kh7 25. Nf4 Ne5 26. Nxe6 Qd7 27. Nxf8+ Rxf8 28. Qd2
fxe4 29. Ne3 Nd3 30. Rf1 Nxc1 31. Rxc1 Qf7 32. Rd1 d5 33. Qe2 h4 34. gxh4 Qf4
35. Nxd5 Qxh4 36. Ne3 Bc8 37. Ng4 Bxg4 38. hxg4 Be5 39. Rd7+ Kh8 40. Bxe4 Bh2+
41. Kf1 Bg3 42. Bf3 Bb8 43. Qe7 Qxe7 44. Rxe7 Bf4 45. Bb7 Rf6 46. Ke1 Bc1 47.
Re2 Rd6 48. Rc2 Bg5 49. c4 Rb6 50. Bd5 bxc4 51. Bxc4 a5 52. b3 Be7 53. a4 Kg7
54. f4 Bb4+ 55. Kf2 Rf6 56. Ke3 Bd6 57. f5 gxf5 58. gxf5 Rxf5 59. Rg2+ Kf6 60.
Re2 1/2-1/2

[Event "III Dolnoslaska Liga Szachowa 2017/2018"]
[Site "Dolny Slask"]
[Date "1899-12-30"]
[Round "10.18"]
[White "Siwik, Rafal"]
[Black "Lewandowski, Wiktor"]
[Result "1-0"]
[WhiteTitle "I+"]
[BlackTitle "II"]
[WhiteElo "1986"]
[BlackElo "1490"]

1. Nf3 c5 2. c4 Nc6 3. Nc3 e5 4. g3 g6 5. Bg2 Bg7 6. O-O Nge7 7. Ne1 O-O 8. Nc2
d6 9. a3 a5 10. Ne3 f5 11. Ned5 Rb8 12. Rb1 Nxd5 13. Nxd5 Be6 14. Qa4 e4 15. Nf4
Bd7 16. d3 exd3 17. exd3 Nd4 18. Qd1 b5 19. Be3 Re8 20. b4 axb4 21. axb4 bxc4
22. dxc4 Qc8 23. b5 Qd8 24. Ra1 g5 25. Nd5 Be6 26. Ra7 Bxd5 27. Bxd5+ Kh8 28.
Qh5 f4 29. Bxd4 cxd4 30. Rfa1 Qf6 31. Rf7 Qe5 32. Raa7 fxg3 33. hxg3 Qe1+ 34.
Kg2 Rf8 35. Rae7 Qd2 36. Be4 h6 37. Qg6 Rxf7 38. Qh7# 1-0

[Event "III Dolnoslaska Liga Szachowa 2017/2018"]
[Site "Dolny Slask"]
[Date "1899-12-30"]
[Round "10.19"]
[White "Karykowska, Anna"]
[Black "Andrzejewska, Miroslawa"]
[Result "1-0"]
[WhiteTitle "I++"]
[BlackTitle "I"]
[WhiteElo "1927"]
[BlackElo "1583"]

1. e4 c5 2. Nf3 Nc6 3. Nc3 g6 4. d4 cxd4 5. Nxd4 Bg7 6. Nde2 Nf6 7. g3 Qa5 8. Bg2
O-O 9. O-O d6 10. h3 Bd7 11. Be3 b5 12. Nd4 b4 13. Nd5 Rfe8 14. a3 Nxd5 15. exd5
Ne5 16. b3 Bb5 17. axb4 Qxb4 18. c4 Nxc4 19. bxc4 Qxc4 20. Rc1 Qa4 21. Nxb5 Qxb5
22. Bd4 a5 23. Bxg7 Kxg7 24. Qd4+ Kg8 25. Rb1 Qd7 26. Rfc1 a4 27. Bf1 Reb8 28.
Rxb8+ Rxb8 29. Ra1 Ra8 30. Qb6 a3 31. Rxa3 Rc8 32. Ra7 Qf5 33. Qd4 Rc1 34. Ra8+
Rc8 35. Rxc8+ Qxc8 36. Qc4 Qf5 37. Kg2 h5 38. h4 Kg7 39. Qd4+ Kg8 40. Bd3 Qd7
41. Qf4 Kg7 42. Qg5 Kg8 43. Bxg6 fxg6 44. Qxg6+ Kf8 45. Qh6+ Kg8 46. Qxh5 Qa4
47. Qg5+ Kf8 48. Qf5+ Kg7 49. h5 Qd4 50. Qe6 Kf8 51. g4 Qg7 52. Qf5+ Kg8 53. g5
Kh8 54. h6 Qg8 55. g6 1-0

[Event "III Dolnoslaska Liga Szachowa 2017/2018"]
[Site "Dolny Slask"]
[Date "1899-12-30"]
[Round "10.20"]
[White "Balinski, Damian"]
[Black "Dzikowski, Michal"]
[Result "1/2-1/2"]
[WhiteTitle "k"]
[BlackTitle "k"]
[WhiteElo "2164"]
[BlackElo "2147"]

1. c4 e6 2. g3 d5 3. Bg2 Nf6 4. Nf3 Be7 5. O-O O-O 6. b3 c5 7. e3 Nc6 8. Qe2 Ne4
9. Bb2 Bf6 10. d3 Nd6 11. Nc3 d4 12. Na4 dxe3 13. fxe3 Bxb2 14. Qxb2 Nf5 15. Qe2
Qe7 16. Rad1 Rd8 17. g4 Nh6 18. h3 f5 19. g5 Nf7 20. d4 cxd4 21. exd4 Nxg5 22.
Nxg5 Qxg5 23. d5 exd5 24. cxd5 Ne7 25. d6 Ng6 26. Nc5 Nh4 27. d7 Bxd7 28. Nxd7
Re8 29. Qc4+ Kh8 30. Rf2 Re4 31. Qd5 Rae8 32. Qd6 f4 33. Rd3 f3 34. Rdxf3 Nxf3+
35. Rxf3 Re1+ 36. Kh2 h6 37. Rf8+ Rxf8 38. Qxf8+ Kh7 39. Qf7 Re2 40. Nf8+ Kh8
41. Ng6+ Kh7 42. Nf8+ Kh8 43. Ng6+ 1/2-1/2

[Event "III Dolnoslaska Liga Szachowa 2017/2018"]
[Site "Dolny Slask"]
[Date "1899-12-30"]
[Round "10.21"]
[White "Zareba, Radoslaw"]
[Black "Grzesik, Norbert"]
[Result "1-0"]
[WhiteTitle "I+"]
[BlackTitle "I+"]
[WhiteElo "2116"]
[BlackElo "1989"]

1. e4 d6 2. d4 Nf6 3. Nc3 g6 4. f3 a6 5. a4 b6 6. Be3 Nbd7 7. Bc4 Bb7 8. Nge2 Bg7
9. Qd2 c6 10. Bh6 Bxh6 11. Qxh6 b5 12. Ba2 b4 13. Nd1 Qb6 14. h4 c5 15. Qd2 h5
16. Ne3 cxd4 17. Nxd4 Ne5 18. a5 Qc5 19. Bb3 O-O 20. Rh3 d5 21. exd5 Nxd5 22.
Bxd5 Bxd5 23. Nxd5 Qxd5 24. Nb3 Rfd8 25. O-O-O Qxd2+ 26. Rxd2 Nc4 27. Rxd8+ Rxd8
28. f4 Rd5 29. Rd3 Rf5 30. Rd4 Nxa5 31. Nxa5 Rxa5 32. Rxb4 Ra1+ 33. Kd2 Rg1 34.
c4 Rxg2+ 35. Kd3 Rg1 36. c5 Rd1+ 37. Kc4 e6 38. Rb6 g5 39. fxg5 e5 40. Rxa6 Kg7
41. c6 e4 42. Ra3 Rd8 43. Re3 Re8 44. Kd5 1-0

[Event "III Dolnoslaska Liga Szachowa 2017/2018"]
[Site "Dolny Slask"]
[Date "1899-12-30"]
[Round "10.22"]
[White "Krosny, Miroslaw"]
[Black "Stawarz, Pawel"]
[Result "1-0"]
[WhiteTitle "I"]
[BlackTitle "I"]
[WhiteElo "1983"]
[BlackElo "1999"]

1. e4 c5 2. Nf3 d6 3. d4 cxd4 4. Qxd4 Nc6 5. Bb5 Bd7 6. Bxc6 Bxc6 7. Nc3 Nf6 8.
Bg5 e6 9. O-O-O Be7 10. Rhe1 a6 11. Qd2 Qc7 12. Bxf6 gxf6 13. Nd4 O-O-O 14. f4
d5 15. Nxc6 bxc6 16. exd5 cxd5 17. Na4 Rd6 18. Re3 Rc6 19. Rb3 Kd7 20. f5 Rc8
21. Nc3 Qxh2 22. Kb1 Rb8 23. Qf2 Rxb3 24. axb3 Qb8 25. Rh1 Bc5 26. fxe6+ Kxe6
27. Re1+ Kd7 28. Qf5+ Re6 29. Nxd5 Bd4 30. Nf4 Be5 31. Nxe6 fxe6 32. Qd3+ Qd6
33. Qxd6+ Bxd6 34. Rh1 Kc6 35. Rxh7 f5 36. c3 Kc5 37. Kc2 Kc6 38. Kd3 Kc5 39.
b4+ Kc6 40. Rf7 Kb6 41. Rf6 1-0

[Event "III Dolnoslaska Liga Szachowa 2017/2018"]
[Site "Dolny Slask"]
[Date "1899-12-30"]
[Round "10.23"]
[White "Pietraszko, Jakub"]
[Black "Zydorczak, Marek"]
[Result "1-0"]
[WhiteTitle "I"]
[BlackTitle "II"]
[WhiteElo "1739"]
[BlackElo "1532"]

1. d4 d5 2. Nc3 e6 3. e4 dxe4 4. Nxe4 Nf6 5. Nxf6+ Qxf6 6. Nf3 h6 7. Bc4 Bd6 8.
Qe2 O-O 9. Bd2 Nd7 10. Bc3 Re8 11. Ne5 Nb6 12. Bb5 Re7 13. Bd2 a6 14. Bd3 Nd5
15. Qe4 Re8 16. c3 Bxe5 17. dxe5 Qf5 18. Qe2 Nf4 19. Bxf5 Nxe2 20. Bc2 Nxc3 21.
Bxc3 b5 22. Be4 Rb8 23. Ba5 c5 24. Bc7 1-0

[Event "III Dolnoslaska Liga Szachowa 2017/2018"]
[Site "Dolny Slask"]
[Date "1899-12-30"]
[Round "11.1"]
[White "Cechura, Petr"]
[Black "Janocha, Wieslaw"]
[Result "0-1"]
[WhiteTitle ""]
[BlackTitle "FM"]
[WhiteElo "2172"]
[BlackElo "2260"]

1. e4 e5 2. Nf3 Nc6 3. d4 exd4 4. c3 d5 5. exd5 Qxd5 6. cxd4 Nf6 7. Be2 Bg4 8.
Nc3 Qh5 9. Be3 O-O-O 10. Qa4 Bb4 11. O-O Qa5 12. Qxa5 Bxa5 13. Rfd1 Nd5 14. Rac1
Bxc3 15. bxc3 Rhe8 16. Bb5 Nxe3 17. fxe3 Bxf3 18. gxf3 Rxe3 19. Kf2 Re7 20. Re1
Rde8 21. Rg1 a6 22. Bd3 g6 23. h4 Nd8 24. h5 Kd7 25. Rg4 Kd6 26. Rh1 Re3 27. Rd1
R3e7 28. Rh1 Ne6 29. hxg6 hxg6 30. Rgh4 c5 31. Rb1 b5 32. a4 c4 33. Be4 f5 34.
Bc2 Nc7 35. Kg3 Nd5 36. Rh6 Re6 37. axb5 Nxc3 38. Ra1 axb5 39. Ra7 Ne2+ 40. Kf2
Nxd4 41. Bd1 Kc5 42. Rc7+ Kb4 43. Rd7 Kc3 44. f4 Ne2 45. Rd5 Kb4 46. Rh4 Re4 47.
Kf3 Nc3 48. Rd6 Re1 49. Rxg6 R8e3+ 50. Kg2 Rxd1 51. Kh2 Ne4 52. Rh5 Ree1 53. Rxf5
Rh1+ 54. Kg2 Rdg1+ 55. Kf3 Nd2+ 56. Ke2 Rh2+ 57. Ke3 Rxg6 58. Rf8 Kc3 59. f5 Rg4
60. Re8 Rh3+ 0-1

[Event "III Dolnoslaska Liga Szachowa 2017/2018"]
[Site "Dolny Slask"]
[Date "1899-12-30"]
[Round "11.2"]
[White "Sernecki, Franciszek"]
[Black "Pyka, Roman"]
[Result "1-0"]
[WhiteTitle "I+"]
[BlackTitle "I++"]
[WhiteElo "2109"]
[BlackElo "1957"]

1. e4 e6 2. d4 d5 3. Nc3 dxe4 4. Nxe4 Bd7 5. Nf3 Bc6 6. Bd3 Nd7 7. O-O Ngf6 8.
Bg5 Be7 9. Nxf6+ Bxf6 10. Bf4 O-O 11. c3 b6 12. Qe2 g6 13. Rad1 Bb7 14. Bc4 c6
15. Rfe1 Re8 16. Ne5 Qe7 17. Qe3 b5 18. Bb3 Nxe5 19. dxe5 Bg7 20. Bg5 Qc7 21.
Rd6 c5 22. c4 Bf8 23. Red1 Bxd6 24. exd6 Qc6 25. f3 f6 26. Bxf6 Qd7 27. cxb5 Rac8
28. Bc4 Kf8 29. Be5 Kg8 30. Bc3 1-0

[Event "III Dolnoslaska Liga Szachowa 2017/2018"]
[Site "Dolny Slask"]
[Date "1899-12-30"]
[Round "11.3"]
[White "Gromczak, Dariusz"]
[Black "Kawaler, Adam"]
[Result "1-0"]
[WhiteTitle "I+"]
[BlackTitle "I"]
[WhiteElo "1943"]
[BlackElo "1843"]

1. e4 e6 2. b3 d5 3. Bb2 Nf6 4. e5 Nfd7 5. d4 c5 6. c3 Nc6 7. Bd3 cxd4 8. cxd4
Bb4+ 9. Nd2 Qg5 10. g3 Bxd2+ 11. Qxd2 Qxd2+ 12. Kxd2 Nb4 13. Be2 b6 14. f4 f5
15. a3 Nc6 16. Rc1 Bb7 17. Nf3 Rc8 18. g4 O-O 19. Ng5 Rce8 20. gxf5 exf5 21. Bf3
Na5 22. Rc7 Nxb3+ 23. Kc2 Rc8 24. Rxc8 Nxd4+ 25. Bxd4 Rxc8+ 26. Kb2 h6 27. e6
Nf8 28. e7 hxg5 29. Re1 g4 30. e8=Q 1-0

[Event "III Dolnoslaska Liga Szachowa 2017/2018"]
[Site "Dolny Slask"]
[Date "1899-12-30"]
[Round "11.4"]
[White "Wieczorek, Mikolaj"]
[Black "Dudek, Wojciech"]
[Result "1-0"]
[WhiteTitle "I"]
[BlackTitle "I"]
[WhiteElo "1701"]
[BlackElo "1810"]

1. e4 c6 2. d4 d5 3. Nc3 dxe4 4. Nxe4 Bf5 5. Ng3 Bg6 6. h4 h6 7. Nf3 Nd7 8. h5
Bh7 9. Bd3 Bxd3 10. Qxd3 e6 11. Bd2 Ngf6 12. O-O-O Be7 13. Ne4 Nxe4 14. Qxe4 Nf6
15. Qe2 Qd5 16. Kb1 O-O-O 17. Ne5 Rhf8 18. f3 Qxd4 19. Ba5 Qa4 20. Bxd8 Bxd8 21.
Rd3 Be7 22. Nxf7 Kb8 23. Qxe6 Re8 24. Qe5+ Ka8 25. Qxe7 1-0

[Event "III Dolnoslaska Liga Szachowa 2017/2018"]
[Site "Dolny Slask"]
[Date "1899-12-30"]
[Round "11.6"]
[White "Dzikowski, Michal"]
[Black "Koszkul, Wojciech"]
[Result "1-0"]
[WhiteTitle "k"]
[BlackTitle "I++"]
[WhiteElo "2147"]
[BlackElo "2035"]

1. d4 d5 2. c4 e6 3. Nf3 Nf6 4. g3 Be7 5. Bg2 O-O 6. O-O c5 7. cxd5 exd5 8. Nc3
Nc6 9. Bf4 Be6 10. Rc1 c4 11. Ne5 Qb6 12. Na4 Qb4 13. Nxc6 bxc6 14. b3 cxb3 15.
Qxb3 16. Qxb3 17. axb3 Rac8 18. Nc5 Rfd8 19. Rfd1 20. Bf5 21. f3 Nd7 22. Nb7 Rf8
23. Bd6 Rce8 24. Rxc6 Be6 25. Bxe7 Rxe7 26. Rc7 Ree8 27. Ra1 Ra8 28. e4 Nb6 29.
Nc5 Nc8 30. f4 Nd6 31. exd5 Bf5 32. Rcxa7 Rxa7 33. Rxa7 Nb5 34. Rb7 Nxd4 35. d6
Rd8 36. Bd5 Be6 37. Bxe6 fxe6 38. d7 Kf7 39. Kf2 Ke7 40. Rb4 Nc6 41. Re4 Kd6 42.
Nb7+ 1-0

[Event "III Dolnoslaska Liga Szachowa 2017/2018"]
[Site "Dolny Slask"]
[Date "1899-12-30"]
[Round "11.7"]
[White "Kmiecik, Wojciech"]
[Black "Pietraszko, Jakub"]
[Result "1/2-1/2"]
[WhiteTitle "I+"]
[BlackTitle "I"]
[WhiteElo "1957"]
[BlackElo "1739"]

1. e4 e6 2. d4 d5 3. Nc3 Nf6 4. e5 Ne4 5. Bd3 Nxc3 6. bxc3 c5 7. Nf3 Nc6 8. O-O
c4 9. Be2 Qa5 10. Bd2 Qa3 11. Ne1 b5 12. f4 g6 13. Rf3 Bd7 14. g3 Be7 15. Ng2
Bd8 16. Ne3 h5 17. g4 Ba5 18. Rg3 h4 19. Rf3 O-O-O 20. Ng2 Bb6 21. Kh1 h3 22.
Ne1 Qe7 23. g5 b4 24. a3 bxc3 25. Bxc3 Rh4 26. Bb4 Nxb4 27. axb4 Qxb4 28. c3 Qb3
29. Qc1 Qb5 30. Qa3 Be8 31. Bd1 Qd7 32. Rf2 Qc7 33. Nc2 Bc6 34. Ne3 Re8 35. Ng4
Qe7 36. Qc1 Kc7 37. Qe3 a5 38. Qg3 Rhh8 39. Nh6 Ra8 40. Ba4 Bxa4 41. Rxa4 Qd7
42. Rfa2 Qb5 43. Ra1 Rh7 44. Qxh3 Qb3 45. Qf3 Rb8 46. Qe3 Kd7 47. Qc1 Bd8 48.
R4a3 1/2-1/2

[Event "III Dolnoslaska Liga Szachowa 2017/2018"]
[Site "Dolny Slask"]
[Date "1899-12-30"]
[Round "11.8"]
[White "Pociejowski, Marek"]
[Black "Lipien, Wieslaw"]
[Result "0-1"]
[WhiteTitle "I++"]
[BlackTitle "I++"]
[WhiteElo "1896"]
[BlackElo "2036"]

1. d4 Nf6 2. c4 g6 3. Nc3 Bg7 4. e4 d6 5. f4 c5 6. d5 O-O 7. Nf3 Bg4 8. Be2 e6
9. h3 Bxf3 10. Bxf3 exd5 11. cxd5 Re8 12. O-O a6 13. a4 Nbd7 14. Re1 Rb8 15. Qd3
Qc7 16. b3 c4 17. bxc4 Nc5 18. Qb1 Nfxe4 19. Nxe4 f5 20. Ra2 Nxe4 21. Bxe4 Qxc4
22. Ba3 fxe4 23. Qc2 Qxd5 24. Rd1 Bd4+ 25. Kh1 e3 26. Qe2 Re4 27. Rc2 Rf8 28.
Bb2 Rexf4 29. Qd3 Rf2 30. Rg1 Rxc2 31. Qxc2 Bxb2 32. Qxb2 Rf2 33. Qb6 Qe5 34.
Qxb7 e2 35. Qb8+ Kg7 36. Qb1 d5 37. Qe1 Rf1 38. g3 d4 39. Kh2 d3 40. a5 Qd4 41.
Kg2 h5 42. h4 Qe3 43. Qc3+ Kh6 44. Qc4 Qxg1+ 0-1

[Event "III Dolnoslaska Liga Szachowa 2017/2018"]
[Site "Dolny Slask"]
[Date "1899-12-30"]
[Round "11.9"]
[White "Wilk, Aleksander"]
[Black "Rutkowski, Bartlomiej"]
[Result "0-1"]
[WhiteTitle "III"]
[BlackTitle "II"]
[WhiteElo "1279"]
[BlackElo "1494"]

1. e4 c6 2. d4 Qc7 3. Nc3 d6 4. Nf3 e5 5. Be2 Bg4 6. dxe5 dxe5 7. h3 Bh5 8. O-O
Nf6 9. a3 Nbd7 10. Nd2 Bg6 11. Bd3 a6 12. Nb3 Bd6 13. Be3 b5 14. Re1 O-O 15. Nd2
Nc5 16. Qe2 Ne6 17. Nf3 c5 18. Nd5 Nxd5 19. exd5 e4 20. Bxe4 Bxe4 21. dxe6 fxe6
22. Ng5 Bd5 23. Qd3 Rf5 24. Ne4 c4 25. Qe2 Bxe4 26. c3 Bd3 27. Qg4 h5 28. Qd4
Raf8 29. Rad1 e5 30. Qh4 Qf7 31. Rd2 g5 32. Bxg5 Qg6 33. Be3 e4 34. g4 Rf3 35.
Kg2 0-1

[Event "III Dolnoslaska Liga Szachowa 2017/2018"]
[Site "Dolny Slask"]
[Date "1899-12-30"]
[Round "11.11"]
[White "Walentukiewicz, Michal"]
[Black "Balinski, Damian"]
[Result "1/2-1/2"]
[WhiteTitle "CM"]
[BlackTitle "k"]
[WhiteElo "2011"]
[BlackElo "2164"]

1. g3 Nf6 2. Bg2 g6 3. e4 d6 4. d4 Bg7 5. Nc3 O-O 6. Nge2 e5 7. O-O Nc6 8. d5 Ne7
9. h3 c6 10. dxc6 bxc6 11. Bg5 Be6 12. Qd2 d5 13. Rfd1 d4 14. Na4 Nd7 15. Qb4
f6 16. Bd2 Rb8 17. Qa3 c5 18. b3 Qc7 19. c3 Nc8 20. cxd4 cxd4 21. Rac1 Qb7 22.
Nc5 Nxc5 23. Rxc5 Rf7 24. Qa5 Bf8 25. Rcc1 d3 26. Nc3 Nb6 27. Nd5 f5 28. Nxb6
Qxb6 29. Qxe5 Bg7 30. Qa5 fxe4 31. Qxb6 Rxb6 32. Be3 Ra6 33. Bxe4 Rxa2 34. Rxd3
Rb2 35. Rd8+ Rf8 36. Rxf8+ Bxf8 37. Bxa7 Rxb3 38. h4 Rb4 39. Bg2 Ra4 40. Be3 Bg7
41. Rc5 Bd4 42. Bd5 Bxd5 43. Rxd5 Bxe3 44. fxe3 Ra2 45. Kf1 h5 46. Rd1 Kf7 47.
Re1 Kf6 48. Re2 Ra1+ 49. Kf2 Kf5 50. Rb2 Ke4 51. Rb4+ Kf5 52. Rf4+ Ke5 53. g4
hxg4 54. Rxg4 Kf5 55. Rg5+ Kf6 56. Kf3 Rh1 57. Rg4 Kf5 58. Rf4+ Ke5 59. Rb4 Rh3+
60. Ke2 Rh1 61. Kd3 Rh3 62. Rf4 Rh2 1/2-1/2

[Event "III Dolnoslaska Liga Szachowa 2017/2018"]
[Site "Dolny Slask"]
[Date "1899-12-30"]
[Round "11.13"]
[White "Zombirt, Filip"]
[Black "Grzesik, Norbert"]
[Result "1-0"]
[WhiteTitle "I+"]
[BlackTitle "I+"]
[WhiteElo "1929"]
[BlackElo "1989"]

1. d4 Nf6 2. c4 e6 3. g3 d5 4. Bg2 Be7 5. Nf3 O-O 6. O-O dxc4 7. Qc2 a6 8. a4 Bd7
9. Ne5 Bc6 10. Nxc6 Nxc6 11. e3 Na5 12. Nd2 c6 13. Nxc4 Nxc4 14. Qxc4 a5 15. b3
Qb6 16. Bb2 Rfd8 17. Rfd1 Rac8 18. Rac1 h6 19. e4 Rd7 20. Rd3 Rcd8 21. Rcd1 Qb4
22. Qc2 Qb6 23. Qc4 Qb4 24. Qc1 Qb6 25. Qa1 Qb4 26. Bc3 Qb6 27. Qc1 Bb4 28. Bb2
Be7 29. Qf4 Qc7 30. Qf3 Qb6 31. g4 Ne8 32. Qg3 Bf6 33. e5 Be7 34. h4 g6 35. f4
Ng7 36. Be4 c5 37. f5 exf5 38. gxf5 cxd4 39. f6 Nh5 40. Qg4 Nxf6 41. exf6 Bxf6
42. h5 Qd6 43. hxg6 fxg6 44. Kh1 Qe5 45. Qxg6+ Bg7 46. Rf1 1-0

[Event "III Dolnoslaska Liga Szachowa 2017/2018"]
[Site "Dolny Slask"]
[Date "1899-12-30"]
[Round "11.14"]
[White "Paprocki, Artur"]
[Black "Bienias, Piotr"]
[Result "1/2-1/2"]
[WhiteTitle "I"]
[BlackTitle "I++"]
[WhiteElo "1871"]
[BlackElo "1920"]

1. e4 c5 2. c4 Nc6 3. Nc3 g6 4. g3 Bg7 5. Bg2 d6 6. Nge2 Ne5 7. d3 Bg4 8. h3 Bf3
9. O-O Qd7 10. Bxf3 Nxf3+ 11. Kg2 Nd4 12. Nxd4 cxd4 13. Ne2 e6 14. b4 b5 15. cxb5
d5 16. f3 Ne7 17. a4 f5 18. Bb2 dxe4 19. dxe4 e5 20. Nc1 O-O 21. Nd3 fxe4 22.
fxe4 Rxf1 23. Qxf1 Rf8 24. Qe2 Qb7 25. Nc5 Qa8 26. g4 Bh6 27. Rf1 Bf4 28. Qc4+
Kh8 29. Qe6 Qd8 30. Nd7 Qc7 31. Nxf8 Qc2+ 32. Rf2 Qxe4+ 33. Kg1 Qe1+ 34. Kg2 Qe4+
35. Kg1 Qe1+ 36. Kg2 Qe4+ 1/2-1/2

[Event "III Dolnoslaska Liga Szachowa 2017/2018"]
[Site "Dolny Slask"]
[Date "1899-12-30"]
[Round "11.15"]
[White "Lascar, Radoslawa"]
[Black "Skiba, Aleksandra"]
[Result "1-0"]
[WhiteTitle "I+"]
[BlackTitle "I+"]
[WhiteElo "1754"]
[BlackElo "1747"]

1. d4 Nf6 2. g3 g6 3. Bg2 d5 4. c4 c6 5. Nc3 e6 6. Nf3 Bg7 7. O-O O-O 8. Re1 Nbd7
9. Bf4 Re8 10. Qc2 Nh5 11. Bd2 f5 12. Bg5 Nhf6 13. Qc1 Qb6 14. c5 Qc7 15. Bf4
Qd8 16. Ne5 Nh5 17. Bg5 Qc7 18. Nxd7 Bxd7 19. Qd2 e5 20. dxe5 Bxe5 21. Bf3 Nf6
22. Bxf6 Bxf6 23. Bxd5+ Kg7 24. Bg2 Rad8 25. b4 Be6 26. Qc2 f4 27. Rac1 Bf5 28.
Qb3 fxg3 29. hxg3 h5 30. e4 Be6 31. Qc2 h4 32. Ne2 hxg3 33. f4 Bg4 34. e5 Bh4
35. Qc3 Be6 36. Nxg3 Rf8 37. Rf1 Qd7 38. Ne4 Qd4+ 39. Qxd4 Rxd4 40. a3 Bd5 41.
Nd6 Bxg2 42. Kxg2 Rdxf4 43. Rxf4 Rxf4 44. Rc2 Rf8 45. Nxb7 Rf7 46. Nd6 Re7 47.
Re2 Bg5 48. a4 a6 49. Kf3 Bc1 50. Nc4 Kf7 51. Ke4 Ke6 52. Re1 Bh6 53. Rg1 g5 54.
Na5 Rc7 55. Rf1 Bg7 56. Rf5 g4 57. Rg5 Kf7 58. Rxg4 Bh6 59. Rh4 Bg7 60. Kf5 Rc8
61. Rg4 Rh8 62. Nxc6 Rh5+ 63. Ke4 Bh6 64. b5 axb5 65. axb5 Rh1 66. b6 Re1+ 67.
Kd5 Rd1+ 68. Rd4 Rb1 69. b7 1-0

[Event "III Dolnoslaska Liga Szachowa 2017/2018"]
[Site "Dolny Slask"]
[Date "1899-12-30"]
[Round "11.16"]
[White "Klykow, Lukasz"]
[Black "Komendecki, Jacek"]
[Result "0-1"]
[WhiteTitle "k"]
[BlackTitle "I++"]
[WhiteElo "2181"]
[BlackElo "2111"]

1. e4 d5 2. exd5 Qxd5 3. Nc3 Qa5 4. b4 Qb6 5. Nf3 Nf6 6. Bc4 Be6 7. Qe2 Bxc4 8.
Qxc4 e6 9. b5 Qc5 10. Qe2 Bd6 11. O-O O-O 12. a4 Nbd7 13. Bb2 Qf5 14. d3 Rfe8
15. Ne4 Qh5 16. h3 Nd5 17. Nxd6 cxd6 18. Qd2 e5 19. Qg5 Qxg5 20. Nxg5 Nb4 21.
Rac1 d5 22. Ba3 Na2 23. Ra1 Nc3 24. Bb2 Ne2+ 25. Kh2 Rac8 26. c4 dxc4 27. dxc4
Rxc4 28. Rfd1 Nc5 29. a5 Rc2 30. Ba3 Nb3 31. Rab1 Nc3 32. Rxb3 Nxd1 33. f3 Rc3
0-1

[Event "III Dolnoslaska Liga Szachowa 2017/2018"]
[Site "Dolny Slask"]
[Date "1899-12-30"]
[Round "11.17"]
[White "Kowalak, Piotr"]
[Black "Stelmaszuk, Maciej"]
[Result "1/2-1/2"]
[WhiteTitle "k"]
[BlackTitle "I"]
[WhiteElo "2079"]
[BlackElo "1929"]

1. e4 c5 2. Nf3 Nc6 3. Nc3 g6 4. d4 cxd4 5. Nxd4 Bg7 6. Nde2 Nf6 7. g3 O-O 8. Bg2
d6 9. O-O Bd7 10. h3 Rc8 11. a4 Nb4 12. Be3 Qc7 13. Qd2 a5 14. Rac1 Rfd8 15. Nd4
Qb8 16. f4 b6 17. Rfd1 Bc6 18. Nxc6 Nxc6 19. Nd5 Nxd5 20. exd5 Nb4 21. c3 Na6
22. Qd3 Nc5 23. Qb5 Nd7 24. Re1 Bf6 25. h4 Qc7 26. Bh3 Rb8 27. Bf2 Nc5 28. g4
e5 29. g5 Bg7 30. f5 gxf5 31. Bxf5 h6 32. b4 Nd7 33. Re4 hxg5 34. hxg5 axb4 35.
Rc4 Qa7 36. cxb4 e4 37. Rc7 Rb7 38. Rxb7 Qxb7 39. Bxd7 Rxd7 40. Rc6 Re7 41. Rxb6
Qc7 42. Qc6 e3 43. Bxe3 Qd8 44. Ra6 Re8 45. Ra7 Bd4 46. Bxd4 Qxg5+ 47. Kf1 Qf5+
48. Bf2 Qh3+ 49. Kg1 Qg4+ 1/2-1/2

[Event "III Dolnoslaska Liga Szachowa 2017/2018"]
[Site "Dolny Slask"]
[Date "1899-12-30"]
[Round "11.18"]
[White "Wrobel, Maciej"]
[Black "Karykowska, Anna"]
[Result "0-1"]
[WhiteTitle "I+"]
[BlackTitle "I++"]
[WhiteElo "1974"]
[BlackElo "1927"]

1. e4 c5 2. Nf3 a6 3. Nc3 e6 4. d4 cxd4 5. Nxd4 Nc6 6. Nxc6 bxc6 7. Bd3 d5 8. O-O
Nf6 9. Kh1 Be7 10. f4 c5 11. e5 Nd7 12. Qf3 Bb7 13. Qg3 g6 14. f5 exf5 15. Bxf5
gxf5 16. Qg7 Rf8 17. Qxh7 Qb6 18. Bh6 Qg6 19. Qxg6 fxg6 20. Bxf8 Nxf8 21. Ne2
Ne6 22. c3 Bf8 23. Nf4 Nxf4 24. Rxf4 O-O-O 25. b4 cxb4 26. cxb4 Re8 27. Re1 Bg7
28. e6 Kc7 29. g4 Bh6 30. Rf2 d4+ 31. Kg1 Be3 32. gxf5 gxf5 33. Rxe3 dxe3 34.
Rxf5 Rxe6 35. Kf1 Bc6 36. Rc5 Kb6 37. Ke1 Bb5 38. Rf5 Rc6 39. Rc5 Rxc5 40. bxc5+
Kxc5 41. h4 Be8 42. Ke2 Kd4 0-1